English Counties Without Cities - Statistics

General Stats
  • This quiz has been taken 44 times
  • The average score is 7 of 12
Answer Stats
Answer % Correct
Rutland
82%
Suffolk
74%
Northumberland
68%
Shropshire
66%
Berkshire
55%
Dorset
55%
Bedfordshire
47%
Northamptonshire
47%
Surrey
45%
Warwickshire
42%
Herefordshire
39%
Isle of Wight
37%
No matching quizzes found
Score Distribution
Percent of People with Each Score
Percentile by Number Answered
Your Score History
You have not taken this quiz